• 首页
  • 本馆介绍
  • 公告通知
  • 最新文献
  • 馆藏检索
  • 电子资源
  • 读者导购
  • 参考咨询
  • 我的图书馆
  • 登录
  • 详细信息显示
  • 放入我的书架
  • 预约/预借图书
  • 作者相关作品
  • 分类相关作品
  • 丛书相关作品
  • 出版社相关作品

书目信息

  • 表格格式
  • 工作单格式
  • 卡片格式
题名:
电工量计
    
 
作者: 昝宝澄 编
分册:  
出版信息: 北京   中国工业出版社  1961
页数: 265页
开本: 21cm
丛书名:
单 册:
中图分类: TM93
科图分类:
主题词: 电气测量 , 电工仪表
电子资源:
ISBN:
000 00537nam0 2200205 450
001 0650982765
005 20061122141355.40
010    @dCNY1.40
100    @a20061122d1961 km y0chiy0120 ea
101 0  @achi
200 1  @a电工量计@Adian gong liang ji@f昝宝澄编@Fzan bao cheng bian
210    @a北京@c中国工业出版社@d1961
215    @a265页@d21cm
300    @a高等学校教学用书
606 0  @a电气测量
606 0  @a电工仪表
690    @aTM93@v3
701  0 @a昝宝澄@Azan bao cheng@4编
801  0 @aCN@bPFT@c20061122
905    @a10447@dTM93@e13
    
    电工量计/昝宝澄编.-北京:中国工业出版社,1961
    265页;21cm
    高等学校教学用书
    
    ISBN :CNY1.40
    
●
相关链接 在E读中查询图书 在五车中查询图书 在当当中查询图书 在豆瓣中查询图书


正题名:电工量计     索取号:TM93/13         预约/预借

序号 登录号 条形码 馆藏地/架位号 状态 备注
1 0013530   001346868   第二样本阅览室/ [索取号:TM93/13] 在馆    
唐山师范学院图书馆 欢迎您!
大连网信软件有限公司© 版权所有